000 00445 a2200133 4500
001 57681
082 _a80287
090 _c35362
_d35362
100 _a Shopware
245 _aElectronic components part II ; operation- transistors and diods, 20min [DVD video]
_bshopware
260 _aPrinceton, NJ
_bFilms media group
_c2006
500 _aCD/DVD VIDEO
600 _afilms for the huminities & sciences ; cambridge educational ; meridian education
942 _aNUST-CAE
_k80287
999 _c292754
_d292754